| 000 | 00797nam a2200253 a 4500 | ||
|---|---|---|---|
| 001 | 1315 | ||
| 003 | BR-CuiBMT | ||
| 005 | 20231204233818.0 | ||
| 008 | 231204s2006 spba 000 0 por d | ||
| 020 | _a8536107936 | ||
| 040 |
_aBR-CuiBMT _cBR-CuiBMT |
||
| 080 |
_22007 _a347.955:331.105.4 |
||
| 090 |
_a347.955:331.105.4 _bP659m |
||
| 100 | 1 | 0 | _aPinto, José Augusto Rodrigues |
| 245 | 1 | 0 |
_aManual dos recursos nos dissídios do trabalho / _c José Augusto Rodrigues Pinto. |
| 260 |
_aSão Paulo : _bLTr, _c2006. |
||
| 300 |
_a421 p. : _bil. ; _c23 cm |
||
| 504 | _aInclui bibliografia e índice. | ||
| 650 |
_aDissídio trabalhista _zBrasil |
||
| 650 |
_aRecursos (Direito) _zBrasil |
||
| 650 |
_aJustiça do trabalho _zBrasil |
||
| 650 |
_aAcordos trabalhistas _zBrasil |
||
| 942 |
_2udc _cLV |
||
| 999 |
_c1315 _d1315 |
||